000 00494nam a2200241Ia 4500
003 IT-RoPAU
008 120407s9999 xx 000 0 und d
040 _aIT-RoPAU
040 _cIT-RoPAU
041 _aita
100 _aJoachin Herrman
245 _aAtlante di astronomia
250 _aMilano
260 _aMondadori
260 _c1975
300 _a281 p.
300 _bill.
300 _c20 cm
490 _aGli Oscar Studio
490 _v29
942 _cBK
999 _c31334
_d31334